| 000 | 00947cam a22003017a 4500 | ||
|---|---|---|---|
| 003 | CHAP | ||
| 005 | 20220817043649.0 | ||
| 008 | 000504d1997 us a r 00010 eng d | ||
| 010 | _a80990 | ||
| 011 | _a81962 | ||
| 020 | _a0471152331 | ||
| 035 | _a92446 | ||
| 040 | _cCHAP | ||
| 082 | 0 | 4 |
_a338.973 _bA8 |
| 100 | 0 | 0 |
_aAudirac, Ivonne _eed. _98307 |
| 245 | 1 | 0 |
_aRural sustainable development in America _c/ed. by Ivonne Audirac |
| 260 |
_aNew York : _bJohn Wiley and Son, _c1997. |
||
| 300 |
_a448 p. : _bilus. |
||
| 590 |
_aBATCH-UPD _b10 _c20130110 _lUCH01 _h0833 |
||
| 590 |
_aCONVERSION _b10 _c20130109 _lUCH01 _h1345 |
||
| 650 | 1 | 4 |
_aDesarrollo de la comunidad rural _xE.U.A. _932010 |
| 650 | 1 | 4 | _aDesarrollo sustentable. |
| 650 | 1 | 4 |
_aE.U.A. _xCondiciones rurales. _934839 |
| 901 | _aBK | ||
| 905 | _aBlanca M. GarcĂa O. | ||
| 942 | _cLIBRO | ||
| 949 |
_a338.973 A8 _bBC _cLIBRO _d33724000772752 _eLIBRO _gI. 203439 _h97884 _i92446 _si _t$1209.00 |
||
| 999 |
_c80990 _d80990 |
||